Prezydenci serwera Mordy Mordeczki - Statystyki

Ogólne statystyki
  • Ten quiz został rozwiązany 48 razy
    8 od ostatniego zresetowania
  • Średni wynik to 9 z 11
Statystyki odpowiedzi
Okres Partia Prezydentura Odpowiedź % Poprawnych
18.12.2025-pełni funkcje Partia Polskich Patriotów X Jugen
100%
26.08.2024-01.10.2024 Demokraci VI Loof
100%
19.02.2024-24.03.2024 Republikanie I Mordeczka
100%
03.06.2024-14.07.2024 Republikanie IV Kaziu
86%
01.10.2024-28.10.2024 Demokraci VI Supernes
86%
23.12.2024-17.02.2025 Republikanie VIII Wojtaszko
86%
17.02.2025-25.04.2025 Republikanie IX Wojtaszko
86%
25.03.2024-28.04.2024 Republikanie II Europejczyk
71%
15.07.2024-25.08.2024 Republikanie V Kaziu
71%
29.10.2024-23.12.2024 Republikanie VII Tako
71%
29.04.2024-02.06.2024 Republikanie III Europejczyk
57%
Nie znaleziono quizów pasujących do podanych kryteriów
Rozkład punktacji
Procent ludzi z każdym wynikiem
Percentyl według liczby udzielonych odpowiedzi
Twoja historia wyników
Nie rozwiązałeś tego quizu od ostatniego zresetowania